A new urban in Jakarta : a new insecurity and the making of inner-city fortified neighborhoods /
Saved in:
| Main Author: | |
|---|---|
| Format: | Thesis Book |
| Language: | English |
| Published: |
2002.
|
| Tags: |
Add Tag
No Tags, Be the first to tag this record!
|
| LEADER | 00756cam a2200217 a 4500 | ||
|---|---|---|---|
| 001 | u508589 | ||
| 003 | SIRSI | ||
| 008 | 990621s2002 si v 00 1 eng m | ||
| 035 | |a ACX-0664 | ||
| 040 | |a UMM | ||
| 043 | |a a-io--- | ||
| 090 | |a GN6 |b NUS 2002 Jee | ||
| 100 | 1 | 0 | |a Jee, Hun Kim |
| 245 | 1 | 2 | |a A new urban in Jakarta : |b a new insecurity and the making of inner-city fortified neighborhoods / |c by Jee Hun Kim. |
| 260 | |c 2002. | ||
| 300 | |a xi, 196 leaves : |b ill. ; |c 30 cm. | ||
| 502 | |a Dissertation (M.Soc.Sc.) -- National University of Singapore, 2002. | ||
| 504 | |a Bibliography: leaves 166-174. | ||
| 948 | |a 10/02/2003 |b 10/02/2003 | ||
| 596 | |a 1 | ||
| 999 | |a GN6 NUS 2002 JEE |w LC |c 1 |i A510986464 |l B_KOM4 |m P01UTAMA |r Y |s Y |t TESIS |u 13/2/2003 |o .PUBLIC. BKOM 4 :43562 | ||
